000
00325nam a2200133Ia 4500
005
20260326235457.0
008
260326s9999||||xx |||||||||||||| ||und||
100
_a
Slack, Laura
245
0
_a
Introduzione al product Design /
_c
Laura Slack
260
_b
Logos
300
_a
256 p.
650
_a
DISEÑO INDUSTRIAL
942
_c
BK
999
_c
7971
_d
7971